000 00503nam a2200097Ia 4500
008 170517s9999 xx 000 0 und d
245 4 _aThe Cancer Sell
300 _aThis film came about because Sarah Macdonald wanted to find out more, to investigate the alternative cancer treatments and the clinics behind them. At first it seemed easy enough. The facilities promote their services through glossy brochures and online...
650 _xTechnology.
856 _uhttp://topdocumentaryfilms.com/cancer-sell/
999 _c335101
_d335101